Screenplay: the foundations of screen writing. (Record no. 161676)

MARC details
000 -LEADER
fixed length control field 00535nam a2200205Ia 4500
003 - CONTROL NUMBER IDENTIFIER
control field OSt
005 - DATE AND TIME OF LATEST TRANSACTION
control field 20230426093204.0
008 - FIXED-LENGTH DATA ELEMENTS--GENERAL INFORMATION
fixed length control field 210423s2013 xx 000 0 und d
020 ## - INTERNATIONAL STANDARD BOOK NUMBER
International Standard Book Number 9780385339032
040 ## - CATALOGING SOURCE
Transcribing agency AL
041 ## - LANGUAGE CODE
Language code of text/sound track or separate title eng
082 ## - DEWEY DECIMAL CLASSIFICATION NUMBER
Classification number 808.2322 FIES
Edition number 23
100 ## - MAIN ENTRY--PERSONAL NAME
Personal name FIELD (Syd)
9 (RLIN) 93096
245 ## - TITLE STATEMENT
Title Screenplay: the foundations of screen writing.
260 ## - PUBLICATION, DISTRIBUTION, ETC.
Place of publication, distribution, etc. New York
Name of publisher, distributor, etc. Bantam dell
Date of publication, distribution, etc. 2013
300 ## - PHYSICAL DESCRIPTION
Extent 320
Other physical details PB
365 ## - TRADE PRICE
Price amount 699
Currency code INR
906 ## - LOCAL DATA ELEMENT F, LDF (RLIN)
a foundations ; screen ; Screenplay: ; writing.
942 ## - ADDED ENTRY ELEMENTS (KOHA)
Source of classification or shelving scheme Dewey Decimal Classification
Koha item type Book
Holdings
Withdrawn status Lost status Damaged status Not for loan Collection code Home library Current library Date acquired Source of acquisition Cost, normal purchase price Total Checkouts Full call number Barcode Date last seen Date last checked out Price effective from Koha item type
        MAJMC St Aloysius PG Library St Aloysius PG Library 10/30/2013 Athulya Books 699.00 2 808.2322 FIES PG008168 09/11/2025 08/16/2025 04/26/2021 Book